Вспомогательные исторические дисциплины в современном научном знании (Запись № 13506408)

Подробности
000 -МАРКЕР
контрольное поле 02678nam0a2200337 4500
001 - ИДЕНТИФИКАТОР ЗАПИСИ
контрольное поле RU\NLR\BIBL_A\022615028
005 - ИДЕНТИФИКАТОР ВЕРСИИ
контрольное поле 20251218125732.0
010 ## - МЕЖДУНАРОДНЫЙ СТАНДАРТНЫЙ НОМЕР КНИГИ (ISBN)
Номер (ISBN) 978-5-94067-557-0
Тираж 300
021 ## - НОМЕР ГОСУДАРСТВЕННОЙ РЕГИСТРАЦИИ
Код страны Российская Федерация
Номер КН-П-25-041691
Номер Листа государственной регистраци КН-П-25-4060
035 ## - ДРУГИЕ СИСТЕМНЫЕ НОМЕРА
Идентификатор записи (NLR Aleph) 022615028
100 ## - ДАННЫЕ ОБЩЕЙ ОБРАБОТКИ
Данные общей обработки 20250904d2024 k y0rusy50 ca
101 0# - ЯЗЫК РЕСУРСА
Язык текста, звукозаписи и т.д. русский
102 ## - СТРАНА ПУБЛИКАЦИИ ИЛИ ПРОИЗВОДСТВА
Страна публикации Российская Федерация
105 ## - ПОЛЕ КОДИРОВАННЫХ ДАННЫХ: ТЕКСТОВЫЕ МАТЕРИАЛЫ, МОНОГРАФИЧЕСКИЕ
Кодированные данные о монографическом текстовом документе y z 100zy
181 #0 - ПОЛЕ КОДИРОВАННЫХ ДАННЫХ: ВИД СОДЕРЖАНИЯ
Код вида содержания (ISBD) i4
Код характеристики содержания (ISBD) axxe
182 #0 - ПОЛЕ КОДИРОВАННЫХ ДАННЫХ: ТИП СРЕДСТВА
Код типа средства (ISBD) n - непосредственное
200 1# - ЗАГЛАВИЕ И СВЕДЕНИЯ ОБ ОТВЕТСТВЕННОСТИ
Основное заглавие Вспомогательные исторические дисциплины в современном научном знании
Сведения, относящиеся к заглавию материалы XXXVI Всероссийской научной конференции с международным участием, Москва, 4-5 апреля 2024 года
Первые сведения об ответственности Российский государственный гуманитарный университет, Историко-архивный институт, Исторический факультет, Кафедра вспомогательных исторических дисциплин и археографии, Российская академия наук, Институт всеобщей истории, Отдел специальных исторических дисциплин
Последующие сведения об ответственности редакционная коллегия: ...И. Г. Коновалова (отв. ред.), Е. В. Пчелов (отв. ред.) [и др.]
203 ## - ВИД СОДЕРЖАНИЯ И ТИП СРЕДСТВА
Вид содержания Текст
Дополнительные сведения об издании визуальный
Тип средства непосредственный
210 ## - ПУБЛИКАЦИЯ, РАСПРОСТРАНЕНИЕ И ДР.
Место издания, распространения и т.д. Москва
Имя издателя, распространителя и т. д. ИВИ РАН
Дата издания, распространения и т.д. 2024
215 ## - ФИЗИЧЕСКАЯ ХАРАКТЕРИСТИКА
Специфическое обозначение материала и объем 397 с.
Размеры 21
606 1# - НАИМЕНОВАНИЕ ТЕМЫ КАК ПРЕДМЕТ
Наименование темы Вспомогательные исторические дисциплины
Формальный подзаголовок Съезды, совещания и т.п
Код системы nlr_sh1
-- nlr_sh2
Идентификатор авторитетной/нормативной записи RU\NLR\AUTH\66136437
686 1# - ИНДЕКСЫ ДРУГИХ КЛАССИФИКАЦИЙ
Индекс Т2.я431
702 #1 - ИМЯ ЛИЦА - ВТОРИЧНАЯ ОТВЕТСТВЕННОСТЬ
Начальный элемент ввода Коновалова
Часть имени, кроме начального элемента ввода И. Г.
Даты 1954-
Расширение инициалов личного имени Ирина Геннадиевна
Идентификатор авторитетной/нормативной записи RU\NLR\AUTH\770203832
Код отношения Редактор
711 12 - НАИМЕНОВАНИЕ ОРГАНИЗАЦИИ - АЛЬТЕРНАТИВНАЯ ОТВЕТСТВЕННОСТЬ
Начальный элемент ввода "Вспомогательные исторические дисциплины в современном научном знании", всероссийская научная конференция с международным участием
Порядковый номер временной организации и / или порядковый номер ее части 36
Дата проведения временной организации 2024
Место проведения временной организации Москва
Идентификатор авторитетной/нормативной записи RU\NLR\AUTH\880630966
712 02 - НАИМЕНОВАНИЕ ОРГАНИЗАЦИИ - ВТОРИЧНАЯ ОТВЕТСТВЕННОСТЬ
Начальный элемент ввода Российский государственный гуманитарный университет
Структурное подразделение Историко-архивный институт
-- Кафедра вспомогательных исторических дисциплин и археографии
Идентификатор авторитетной/нормативной записи RU\NLR\AUTH\880584436
Код отношения Организатор конференции
942 ## - ДОПОЛНИТЕЛЬНЫЕ ЭЛЕМЕНТЫ ЗАПИСИ (АБИС)
Тип экземпляра АБИС Книга
980 ## - КОЛЛЕКЦИЯ
Название коллекции Национальная библиография

Нет доступных экземпляров.